Beware wet paint / (Record no. 353282)

000 -LEADER
fixed length control field 01540 a2200289 4500
003 - CONTROL NUMBER IDENTIFIER
control field OSt
005 - DATE AND TIME OF LATEST TRANSACTION
control field 20180116192400.0
008 - FIXED-LENGTH DATA ELEMENTS--GENERAL INFORMATION
fixed length control field 120702t xxu||||| |||| 00| 0 eng d
010 ## - LIBRARY OF CONGRESS CONTROL NUMBER
LC control number 2005285126
020 ## - INTERNATIONAL STANDARD BOOK NUMBER
International Standard Book Number 0714843784 (pbk.)
020 ## - INTERNATIONAL STANDARD BOOK NUMBER
International Standard Book Number 9780714843780
040 ## - CATALOGING SOURCE
Transcribing agency 0
082 00 - DEWEY DECIMAL CLASSIFICATION NUMBER
Classification number 745.2
100 1# - MAIN ENTRY--PERSONAL NAME
Personal name Fletcher, Alan.
9 (RLIN) 5249
245 10 - TITLE STATEMENT
Title Beware wet paint /
Statement of responsibility, etc. designs by Alan Fletcher ; commentary by Jeremy Myerson.
250 ## - EDITION STATEMENT
Edition statement [Pbk. ed.].
260 ## - PUBLICATION, DISTRIBUTION, ETC.
Place of publication, distribution, etc. London ;
-- New York, NY :
Name of publisher, distributor, etc. Phaidon Press,
Date of publication, distribution, etc. 1996
300 ## - PHYSICAL DESCRIPTION
Extent 266 p. :
Other physical details ill. (some col.) ;
Dimensions 25 cm.
500 ## - GENERAL NOTE
General note "Beware wet paint Designs by Alan Fletcher presents graphic design from the hands and thoughts of a contemporary master. These are demonstrated with 250 examples of work produced for major clients around the world, or just for his own amusement. Grouped into thematic chapters, the examples show his concepts and references, his lithe and lateral jumps, his ability to fuse interpretation, aesthetics and function with apparent ease. Personal observations and four essays give further critical and biographical insight into the work, and the man. Each of the designs is accompanied with a commentary by Jeremy Myerson"--Dust jkt. spine.
600 10 - SUBJECT ADDED ENTRY--PERSONAL NAME
Personal name Fletcher, Alan
General subdivision Themes, motives.
9 (RLIN) 5250
650 10 - SUBJECT ADDED ENTRY--TOPICAL TERM
Topical term or geographic name entry element Industrial design
9 (RLIN) 5251
650 10 - SUBJECT ADDED ENTRY--TOPICAL TERM
Topical term or geographic name entry element Industrial art
9 (RLIN) 5252
650 10 - SUBJECT ADDED ENTRY--TOPICAL TERM
Topical term or geographic name entry element Design, Industrial
9 (RLIN) 5253
700 1# - ADDED ENTRY--PERSONAL NAME
Personal name Myerson, Jeremy.
9 (RLIN) 5254
942 ## - ADDED ENTRY ELEMENTS (KOHA)
Institution code [OBSOLETE] SADA
Koha item type Book
Call number prefix 745.2 FLE 1996
Source of classification or shelving scheme
952 ## - LOCATION AND ITEM INFORMATION (KOHA)
-- BOOK
Holdings
Withdrawn status Lost status Source of classification or shelving scheme Damaged status Not for loan Permanent Location Current Location Date acquired Total Checkouts Full call number Barcode Date last seen Cost, replacement price Price effective from Koha item type
          School of Art Design and Architecture (SADA) School of Art Design and Architecture (SADA) 06/29/2011   745.2 FLE 1996 SADA0001474 08/05/2011 2207.00 08/05/2011 Book
© 2023 Central Library, National University of Sciences and Technology. All Rights Reserved.